Score 0/67 Timer 10:00
0 Plays Today
Season Castaway % Correct
Australian Outback and PhilippinesMichael Skupin
98.3%
VanuatuChris Daugherty
94.8%
FijiEarl Cole
94.8%
Amazon and All-StarsJenna Morasca
94.8%
MarquesasVecepia Towery
93.1%
ThailandBrian Heidik
93.1%
GabonBob Crowley
93.1%
SamoaMike Borassi
93.1%
NicaraguaJud 'Fabio' Birza
93.1%
Worlds ApartMike Holloway
93.1%
David vs GoliathMike White
93.1%
Island of the IdolsDan Spilo
93.1%
Kaôh Rōng: Brains vs Brawn vs Beauty and Winners at WarMichele Fitzgerald
93.1%
ChinaTodd Herzog
91.4%
SamoaNatalie White
91.4%
Redemption IslandNatalie Tenerelli
91.4%
One World and Blood vs WaterColton Cumbie
89.7%
NicaraguaChase Rice
87.9%
NicaraguaMatthew 'Sash' Lenahan
86.2%
South PacificAlbert Destrade
86.2%
San Juan del Sur: Blood vs WaterJulie McGee
86.2%
Ghost IslandDomenick Abbate
86.2%
Edge of ExtinctionJulie Rosenberg
86.2%
MarquesasNeleh Dennis
84.5%
GabonSusie Smith
84.5%
SamoaMick Trimming
84.5%
One WorldSabrina Thompson
84.5%
PhilippinesLisa Whelchel
84.5%
San Juan del Sur: Blood vs WaterJaclyn Schultz
84.5%
Worlds ApartCarolyn Rivera
84.5%
Millennials vs Gen XHannah Shapiro
84.5%
David vs GoliathAngelina Keeley
84.5%
Island of the IdolsTommy Sheehan
84.5%
Cook IslandsBecky Lee
82.8%
Season Castaway % Correct
Micronesia: Fans vs FavoritesKathy Sleckmann
82.8%
TocantinsJoe Dowdle
82.8%
San Juan del Sur: Blood vs WaterMissy Payne
82.8%
Worlds ApartWill Sims II
82.8%
Kaôh Rōng: Brains vs Brawn vs BeautyJoe Del Campo
82.8%
Millennials vs Gen XKen McNickle
82.8%
Ghost IslandLaurel Johnson
82.8%
Edge of ExtinctionGavin Whitson
82.8%
AfricaKim Johnson
81%
ThailandClay Jordan
81%
FijiAndria 'Dreamz' Herd
81%
One WorldChelsea Meissner
81%
Heroes vs Healers vs HustlersRyan Ulrich
81%
AmazonMatthew von Ertfelda
79.3%
PalauKatie Gallagher
79.3%
FijiCassandra Franklin
79.3%
Kaôh Rōng: Brains vs Brawn vs BeautyNeal Gottlieb
79.3%
Heroes vs Healers vs HustlersChrissy Hofbeck
79.3%
Island of the IdolsDean Kowalski
79.3%
Island of the IdolsNoura Salman
79.3%
VanuatuTwila Tanner
77.6%
Cagayan: Brains vs Brawn vs BeautyLindsey Ogle
75.9%
David vs GoliathPat Cusack
75.9%
Panama: Exile IslandBruce Kanegai
72.4%
Caramoan: Fans vs FavoritesSherri Biethman
72.4%
Caramoan: Fans vs FavoritesShamar Thomas
70.7%
PalauWanda Shirk
69%
One WorldKourtney Moon
67.2%
PalauIan Rosenberger
67.2%
PalauJonathan Libby
65.5%
David vs GoliathBi Nguyen
65.5%
PhilippinesDana Lambert
62.1%
FijiGary Stritesky
53.4%
Remove Ads.
Support Sporcle.
Get the best of Sporcle when you Go Orange. This ad-free experience offers more features, more stats, and more fun while also helping to support Sporcle. Thank you for becoming a member.

You're not logged in!

Compare scores with friends on all Sporcle quizzes.
OR
Log In

Sporcle TV

Today on Sporcle TV


Watch our educational content, quiz creation guides, and fun videos on Sporcle TV.

Show Comments

Extras

Top Quizzes Today


Score Distribution

Paid Content

Your Account Isn't Verified!

In order to create a playlist on Sporcle, you need to verify the email address you used during registration. Go to your Sporcle Settings to finish the process.

Report this User

Report this user for behavior that violates our Community Guidelines.

Details: